TATA IPL 2026 - All Teams - Statistics

General Stats
  • This quiz has been taken 20 times
  • The average score is 9 of 10
Answer Stats
No of Titles IPL TEAMS % Correct
5 Chennai Super Kings
100%
5 Mumbai Indians
100%
0 Delhi Capitals
94%
1 Gujarat Titans
94%
1 Royal Challengers Bengaluru
94%
0 Lucknow Super Giants
88%
1 Rajasthan Royals
88%
1 Sunrises Hyderabad
88%
3 Kolkata Knight Riders
82%
0 Punjab Kings
82%
No matching quizzes found
Score Distribution
Percent of People with Each Score
Percentile by Number Answered
Your Score History
You have not taken this quiz